| 000 | 00606nam a2200241Ia 4500 | ||
|---|---|---|---|
| 003 | OSt | ||
| 005 | 20220918204210.0 | ||
| 006 | a|||||r|||| 00| 0 | ||
| 007 | ta | ||
| 008 | 220917b |||||||| |||| 00| 0 eng d | ||
| 024 | _a111,422 | ||
| 037 | _cTextual | ||
| 040 |
_aARTS _cARTS _beng |
||
| 041 |
_2eng _aeng |
||
| 082 | _aV53:1.L9, K7 | ||
| 100 |
_aDawson P _9111038 |
||
| 245 | 0 | _aFrench revolution | |
| 260 |
_aEnglewood _bPrentice Hall _c1967 |
||
| 300 |
_aviii, 181p. _ccm. |
||
| 650 | _aHISTORY | ||
| 942 |
_hV53:1.L9, K7 _cTEXL _2CC |
||
| 999 |
_c234771 _d234771 |
||